Handbook of Porous Media

Uložené v:
Podrobná bibliografia
Médium: Kniha
Jazyk:English
Vydavateľské údaje: Boca Raton : Taylor & Francis, 2005
Vydanie:2.vyd.
Tagy: Pridať tag
Žiadne tagy, Buďte prvý, kto otaguje tento záznam!

MARC

LEADER 00000nam a22000003a 4500
001 stu100223
005 20141122112340.5
008 051220s2005----xxu-----------------eng-d
020 |a 0-8247-2747-9 
040 |a STU  |b slo 
041 0 |a eng 
044 |a xxu 
080 |a 691.43 
080 |a 62-405.8 
080 |a 539.217 
245 |a Handbook of Porous Media 
250 |a 2.vyd. 
260 |a Boca Raton :  |b Taylor & Francis,  |c 2005 
300 |a XVII,752 s.;obr.,schémy 
996 |c V*49028/O-21582  |l VV2  |s P  |a 0  |w stu100223_0002